[Event "NRW Class1 0809"]
[Site "Germany"]
[Date "2008.10.12"]
[Round "2.8"]
[White "Stoeckmann, Helmut"]
[Black "Meyer, Oliver"]
[Result "1/2-1/2"]
[WhiteElo "2121"]
[BlackElo "2097"]
[PlyCount "35"]
[EventDate "2008.09.21"]
[EventType "tourn"]
[EventRounds "9"]
[EventCountry "GER"]
[SourceTitle "EXT 2010"]
[Source "ChessBase"]
[SourceDate "2010.11.25"]
[SourceVersion "1"]
[SourceVersionDate "2010.11.25"]
[SourceQuality "1"]
[WhiteTeam "Neuenkirchen"]
[BlackTeam "Erckenschwick"]
[WhiteTeamCountry "GER"]
[BlackTeamCountry "GER"]

1. c4 Nf6 2. Nc3 g6 3. e4 d6 4. g3 Bg7 5. Bg2 0-0 6. Nge2 c5 7. 0-0 Nc6 8. d3 Ne8 9. Rb1 Nc7 10. a3 Ne6 11. b4 Ned4 12. Nxd4 Nxd4 13. Ne2 Rb8 14. Nxd4 Bxd4 15. Bh6 Re8 16. Qd2 b6 17. Kh1 Bd7 18. f4 1/2-1/2

[Event "Steinfurt Bezirksliga 0708"]
[Site "Germany"]
[Date "2008.05.10"]
[Round "9.7"]
[White "Strotmann, Horst"]
[Black "Meyer, Oliver"]
[Result "0-1"]
[WhiteElo "1595"]
[BlackElo "1408"]
[PlyCount "82"]
[EventDate "2007.09.22"]
[EventType "team-tourn"]
[EventRounds "9"]
[EventCountry "GER"]
[SourceTitle "EXT 2009"]
[Source "ChessBase"]
[SourceDate "2008.11.26"]
[SourceVersion "1"]
[SourceVersionDate "2008.11.26"]
[SourceQuality "1"]
[WhiteTeam "Rheine Klein Berlin II"]
[BlackTeam "Emsdetten Rochade III"]
[WhiteTeamCountry "GER"]
[BlackTeamCountry "GER"]

1. d4 e6 2. c4 d5 3. Nc3 Bb4 4. Bd2 Nf6 5. a3 Be7 6. Nf3 0-0 7. e3 c5 8. cxd5 exd5 9. Be2 Nc6 10. 0-0 Bg4 11. h3 Bh5 12. Ne5 Bxe2 13. Qxe2 Nxe5 14. dxe5 Nd7 15. f4 d4 16. exd4 cxd4 17. Nd5 Bc5 18. Kh1 Nb6 19. Nxb6 d3 20. Qf3 Qxb6 21. Bc3 Rad8 22. Rad1 Rd7 23. Rxd3 Rxd3 24. Qxd3 Rd8 25. Qe2 Be3 26. Rf3 Bd2 27. Bxd2 Qxb2 28. Rd3 Qb1+ 29. Bc1 Rxd3 30. Kh2 Qb5 31. Qc2 Qd7 32. Qc5 b6 33. Qc4 h6 34. Qe4 Rd1 35. Be3 Rd3 36. f5 Rxa3 37. f6 Ra4 38. Qf3 Qe6 39. Qg3 g6 40. Bxh6 Re4 41. Bf4 Qf5 0-1

[Event "Ruhrgebiet Regionalliga 0708"]
[Site "Germany"]
[Date "2008.03.16"]
[Round "7.8"]
[White "Sohraby, Azizollah"]
[Black "Meyer, Oliver"]
[Result "1/2-1/2"]
[WhiteElo "2131"]
[BlackElo "2107"]
[PlyCount "116"]
[EventDate "2007.09.16"]
[EventType "team-tourn"]
[EventRounds "9"]
[EventCountry "GER"]
[SourceTitle "EXT 2009"]
[Source "ChessBase"]
[SourceDate "2008.11.26"]
[SourceVersion "1"]
[SourceVersionDate "2008.11.26"]
[SourceQuality "1"]
[WhiteTeam "Brackel"]
[BlackTeam "Erkenschwick"]
[WhiteTeamCountry "GER"]
[BlackTeamCountry "GER"]

1. e4 d6 2. d4 Nf6 3. Bd3 e5 4. Nf3 Nc6 5. d5 Nb8 6. c4 a5 7. Nc3 Be7 8. h3 0-0 9. 0-0 Ne8 10. Qc2 Na6 11. a3 Nc5 12. Be3 Nxd3 13. Qxd3 a4 14. Nd2 Bg5 15. Bxg5 Qxg5 16. Qe3 Qe7 17. f4 exf4 18. Rxf4 Nf6 19. Raf1 Nd7 20. Nb5 Nc5 21. h4 c6 22. Nxd6 Qxd6 23. e5 Qc7 24. Qxc5 Ra5 25. Qd4 cxd5 26. cxd5 Qc5 27. Nc4 Qxd4+ 28. Rxd4 Rb5 29. Rf2 Rd8 30. Rfd2 Rc5 31. Nb6 Rc1+ 32. Kh2 Re1 33. Rxa4 Rxe5 34. Ra8 Ree8 35. Rb8 Bf5 36. Rxb7 Re4 37. g3 h5 38. Rf2 Bg6 39. Rd2 Re1 40. Kg2 Rd6 41. Kf2 Re4 42. Re2 Rf6+ 43. Ke1 Rd4 44. Re8+ Kh7 45. Rbb8 Bf5 46. Rh8+ Kg6 47. Nc8 Bxc8 48. Rhxc8 Rxd5 49. Rc3 Re6+ 50. Kf2 Rd2+ 51. Kf3 Rd1 52. Re3 Rf6+ 53. Ke2 Rff1 54. b4 f6 55. b5 Kf5 56. a4 Rfe1+ 57. Kf2 Rf1+ 58. Ke2 Rfe1+ 1/2-1/2

[Event "Steinfurt Bezirksliga 0708"]
[Site "Germany"]
[Date "2008.03.15"]
[Round "7.7"]
[White "Gehring, Helge"]
[Black "Meyer, Oliver"]
[Result "0-1"]
[WhiteElo "1188"]
[BlackElo "1408"]
[PlyCount "68"]
[EventDate "2007.09.22"]
[EventType "team-tourn"]
[EventRounds "9"]
[EventCountry "GER"]
[SourceTitle "EXT 2009"]
[Source "ChessBase"]
[SourceDate "2008.11.26"]
[SourceVersion "1"]
[SourceVersionDate "2008.11.26"]
[SourceQuality "1"]
[WhiteTeam "Rheine SG"]
[BlackTeam "Emsdetten Rochade III"]
[WhiteTeamCountry "GER"]
[BlackTeamCountry "GER"]

1. d4 e6 2. f4 d5 3. Nf3 c5 4. e3 Nc6 5. c3 Nf6 6. Be2 cxd4 7. exd4 Bd6 8. 0-0 Qc7 9. Ne5 0-0 10. Bd3 Ne7 11. Qe2 Nd7 12. Qc2 Nf6 13. Nd2 Nf5 14. Bxf5 exf5 15. Ndf3 Ne4 16. Qb3 a6 17. Be3 Kh8 18. Rad1 f6 19. Nd3 Be6 20. Nd2 Bf7 21. Qc2 Bh5 22. Rde1 Rfe8 23. Nf3 Re7 24. Qc1 Rae8 25. a3 g5 26. g3 Bg4 27. Kg2 Rg7 28. h3 Bxf3+ 29. Rxf3 g4 30. Rff1 gxh3+ 31. Kxh3 Rxg3+ 32. Kh2 Qg7 33. Nf2 Qh6+ 34. Nh3 Qxh3# 0-1

[Event "Steinfurt Bezirksliga 0708"]
[Site "Germany"]
[Date "2007.10.27"]
[Round "2.8"]
[White "Meyer, Oliver"]
[Black "Hoesker, Lothar"]
[Result "0-1"]
[WhiteElo "1408"]
[BlackElo "1427"]
[PlyCount "52"]
[EventDate "2007.09.22"]
[EventType "team-tourn"]
[EventRounds "9"]
[EventCountry "GER"]
[SourceTitle "EXT 2009"]
[Source "ChessBase"]
[SourceDate "2008.11.26"]
[SourceVersion "1"]
[SourceVersionDate "2008.11.26"]
[SourceQuality "1"]
[WhiteTeam "Emsdetten Rochade III"]
[BlackTeam "Reckenfeld"]
[WhiteTeamCountry "GER"]
[BlackTeamCountry "GER"]

1. e4 c5 2. Nf3 Nc6 3. d4 cxd4 4. Nxd4 e6 5. Be3 Bb4+ 6. c3 Ba5 7. Nd2 a6 8. Be2 Nge7 9. Nc4 Bc7 10. 0-0 d5 11. Nd2 dxe4 12. Nxe4 e5 13. Nxc6 Qxd1 14. Raxd1 Nxc6 15. Bc5 Bf5 16. Nd6+ Bxd6 17. Bxd6 Be6 18. b3 f6 19. Rfe1 Kf7 20. Rf1 Rac8 21. Bd3 g6 22. f4 exf4 23. Rxf4 Rcd8 24. Bc2 Rd7 25. Rf2 Bg4 26. Re1 Rxd6 0-1

[Event "Steinfurt Bezirksliga 0708"]
[Site "Germany"]
[Date "2007.09.22"]
[Round "1.8"]
[White "Uhde, Herbert"]
[Black "Meyer, Oliver"]
[Result "1-0"]
[WhiteElo "1664"]
[BlackElo "1408"]
[PlyCount "45"]
[EventDate "2007.09.22"]
[EventType "team-tourn"]
[EventRounds "9"]
[EventCountry "GER"]
[SourceTitle "EXT 2009"]
[Source "ChessBase"]
[SourceDate "2008.11.26"]
[SourceVersion "1"]
[SourceVersionDate "2008.11.26"]
[SourceQuality "1"]
[WhiteTeam "Emsdetten Rochade II"]
[BlackTeam "Emsdetten Rochade III"]
[WhiteTeamCountry "GER"]
[BlackTeamCountry "GER"]

1. e4 e6 2. d4 d5 3. e5 c5 4. c3 cxd4 5. cxd4 Nc6 6. Nf3 Qb6 7. Nc3 Bb4 8. a3 Bxc3+ 9. bxc3 Nge7 10. Bd3 0-0 11. Bxh7+ Kxh7 12. Ng5+ Kg6 13. h4 f6 14. h5+ Kh6 15. Nxe6+ Kh7 16. Nxf8+ Kg8 17. exf6 Kxf8 18. fxe7+ Nxe7 19. h6 gxh6 20. Rxh6 Qa5 21. Qf3+ Ke8 22. Bd2 Bf5 23. Rh8+ 1-0

[Event "Steinfurt Kreisklasse 0607"]
[Site "Germany"]
[Date "2006.10.21"]
[Round "2.3"]
[White "Fischer, Jonas"]
[Black "Meyer, Oliver"]
[Result "0-1"]
[WhiteElo "881"]
[BlackElo "1207"]
[PlyCount "32"]
[EventDate "2006.09.23"]
[EventType "team-tourn"]
[EventRounds "10"]
[EventCountry "GER"]
[SourceTitle "EXT 2008"]
[Source "ChessBase"]
[SourceDate "2007.11.25"]
[SourceVersion "1"]
[SourceVersionDate "2007.11.25"]
[SourceQuality "1"]
[WhiteTeam "Neuenkirchen III"]
[BlackTeam "Emsdetten Rochade IV"]
[WhiteTeamCountry "GER"]
[BlackTeamCountry "GER"]

1. e4 e6 2. Nc3 d5 3. Bb5+ c6 4. Ba4 Nf6 5. d3 Bb4 6. Bg5 d4 7. e5 dxc3 8. exf6 cxb2+ 9. c3 Bxc3+ 10. Ke2 bxa1Q 11. Qb3 Qe1+ 12. Kf3 Qxd3+ 13. Kg4 e5+ 14. Kh5 Qg6+ 15. Kh4 Qee4+ 16. Kg3 Qxg5# 0-1

[Event "Steinfurt Bezirksklasse 0506"]
[Site "Germany"]
[Date "2005.10.22"]
[Round "2.3"]
[White "Uiess, Heinz"]
[Black "Meyer, Oliver"]
[Result "1-0"]
[WhiteElo "1581"]
[BlackElo "1207"]
[PlyCount "53"]
[EventDate "2005.09.10"]
[EventType "team-tourn"]
[EventRounds "7"]
[EventCountry "GER"]
[SourceTitle "EXT 2006"]
[Source "ChessBase"]
[SourceDate "2005.11.24"]
[SourceVersion "1"]
[SourceVersionDate "2005.11.24"]
[SourceQuality "1"]
[WhiteTeam "Steinfurt III"]
[BlackTeam "Emsdetten Rochade IV"]
[WhiteTeamCountry "GER"]
[BlackTeamCountry "GER"]

1. d4 Nf6 2. c4 e6 3. Nc3 d5 4. Bg5 Be7 5. e3 0-0 6. Nf3 c6 7. Bd3 dxc4 8. Bxc4 Nbd7 9. 0-0 Qc7 10. Bd3 Bd6 11. Bxf6 Nxf6 12. Qc2 h6 13. h3 b6 14. Rfd1 Bb7 15. Rac1 a6 16. Qe2 Rac8 17. e4 e5 18. Bxa6 Bxa6 19. Qxa6 exd4 20. Nxd4 Rfe8 21. Qd3 Nh5 22. Ncb5 Nf4 23. Qf3 Qb8 24. Nxc6 Ne2+ 25. Qxe2 Bh2+ 26. Kh1 Qf4 27. Ne7+ 1-0

[Event "Steinfurt Bezirksliga 0405"]
[Site "Germany"]
[Date "2005.04.30"]
[Round "8.7"]
[White "Meyer, Oliver"]
[Black "Welzel, Wilhelm"]
[Result "0-1"]
[WhiteElo "1155"]
[BlackElo "1664"]
[PlyCount "58"]
[EventDate "2004.09.25"]
[EventType "team-tourn"]
[EventRounds "11"]
[EventCountry "GER"]
[SourceTitle "EXT 2006"]
[Source "ChessBase"]
[SourceDate "2005.11.24"]
[SourceVersion "1"]
[SourceVersionDate "2005.11.24"]
[SourceQuality "1"]
[WhiteTeam "Emsdetten Rochade III"]
[BlackTeam "Ibbenbueren II"]
[WhiteTeamCountry "GER"]
[BlackTeamCountry "GER"]

1. e4 c5 2. Nf3 d6 3. d4 cxd4 4. Nxd4 Nf6 5. Nc3 Nc6 6. Bc4 e6 7. Be3 a6 8. f3 Bd7 9. Qd2 Be7 10. 0-0-0 0-0 11. h4 b5 12. Nxc6 Bxc6 13. Bb3 a5 14. a3 b4 15. axb4 axb4 16. Na2 d5 17. h5 dxe4 18. Qf2 Qc7 19. Bc5 exf3 20. gxf3 Bxc5 21. Qxc5 Qf4+ 22. Kb1 Bxf3 23. Rdf1 Ne4 24. Qxb4 Nd2+ 25. Kc1 Nxb3+ 26. Kb1 Nd2+ 27. Kc1 Qxb4 28. Nxb4 Nxf1 29. Rxf1 Ra1+ 0-1

[Event "Ruhrgebiet Regionalliga 0405"]
[Site "Ruhrgebiet"]
[Date "2005.02.06"]
[Round "6.5"]
[White "Henrichs, Wenke"]
[Black "Meyer, Oliver"]
[Result "0-1"]
[WhiteElo "1969"]
[BlackElo "2051"]
[PlyCount "70"]
[EventDate "2004.09.19"]
[EventType "team-tourn"]
[EventRounds "9"]
[EventCountry "GER"]
[SourceTitle "EXT 2006"]
[Source "ChessBase"]
[SourceDate "2005.11.24"]
[SourceVersion "1"]
[SourceVersionDate "2005.11.24"]
[SourceQuality "1"]
[WhiteTeam "Holsterhausen"]
[BlackTeam "Erkenschwick"]
[WhiteTeamCountry "GER"]
[BlackTeamCountry "GER"]

1. d4 Nf6 2. c4 g6 3. Nc3 Bg7 4. e4 d6 5. f3 0-0 6. Be3 e5 7. d5 c6 8. Bd3 b5 9. Nge2 b4 10. Na4 c5 11. a3 a5 12. axb4 axb4 13. 0-0 h5 14. Qc2 Nbd7 15. h3 Nh7 16. f4 exf4 17. Nxf4 Ne5 18. Be2 Bd7 19. Kh1 Nf6 20. Nxc5 Rxa1 21. Rxa1 dxc5 22. Bxc5 Qb8 23. b3 Rc8 24. Ba7 Qc7 25. Be3 Bf8 26. Ra6 Ne8 27. Nd3 Nxd3 28. Bxd3 Qg3 29. Bf2 Qe5 30. Ra7 Bd6 31. Bg1 Nf6 32. Ra5 Qg3 33. Qe2 Bg4 34. Qf1 Nd7 35. Ra6 Be5 0-1

[Event "Ruhrgebiet Regionalliga 0405"]
[Site "Ruhrgebiet"]
[Date "2004.09.19"]
[Round "1.4"]
[White "Meyer, Oliver"]
[Black "Becker, Joerg"]
[Result "1/2-1/2"]
[WhiteElo "2051"]
[BlackElo "2177"]
[PlyCount "139"]
[EventDate "2004.09.19"]
[EventType "team-tourn"]
[EventRounds "9"]
[EventCountry "GER"]
[SourceTitle "EXT 2006"]
[Source "ChessBase"]
[SourceDate "2005.11.24"]
[SourceVersion "1"]
[SourceVersionDate "2005.11.24"]
[SourceQuality "1"]
[WhiteTeam "Erkenschwick"]
[BlackTeam "Herne Sodingen"]
[WhiteTeamCountry "GER"]
[BlackTeamCountry "GER"]

1. d4 Nf6 2. Bg5 d5 3. Bxf6 exf6 4. e3 Bd6 5. Bd3 0-0 6. Qf3 Nc6 7. c3 Ne7 8. Ne2 Be6 9. Nd2 Qd7 10. h3 Bf5 11. Bxf5 Qxf5 12. Qxf5 Nxf5 13. 0-0 Rfe8 14. c4 Bb4 15. Nc3 dxc4 16. Nxc4 Bxc3 17. bxc3 Nd6 18. Nd2 Rac8 19. Rfc1 c5 20. Nb3 c4 21. Nd2 f5 22. g3 Rc6 23. Rcb1 Ra6 24. a4 Ra5 25. Rb4 Rc8 26. Rab1 f6 27. f3 Kf7 28. g4 b6 29. Kf2 g6 30. e4 fxe4 31. fxe4 h5 32. Kf3 hxg4+ 33. hxg4 Rg5 34. Kf4 Ra5 35. e5 g5+ 36. Ke3 fxe5 37. dxe5 Rxe5+ 38. Kd4 Ke6 39. Rh1 Rd5+ 40. Ke3 Kd7 41. Rh7+ Ke6 42. Rxa7 Rd3+ 43. Ke2 Rxc3 44. Rxb6 Re8 45. Kd1 Rd3 46. Kc2 Rc8 47. Ne4 Rd4 48. Nxg5+ Kd5 49. Ra5+ Rc5 50. Rxd6+ Kxd6 51. Rxc5 Rxg4 52. Ra5 Kc6 53. Ne6 Kd6 54. Nc5 Kd5 55. Nb3+ Kc6 56. Nd2 Rd4 57. Nf3 Re4 58. Ng5 Re3 59. Rf5 Kb6 60. Rb5+ Ka6 61. Kb2 Re2+ 62. Kc3 Ra2 63. Kb4 c3 64. Ne4 Ra1 65. Nc5+ Ka7 66. Kxc3 Rh1 67. Kb4 Rh6 68. Ka5 Rc6 69. Rb7+ Ka8 70. Rb5 1/2-1/2

[Event "Steinfurt Bezirksklasse 0304"]
[Site "Germany"]
[Date "2004.03.20"]
[Round "8.6"]
[White "Hebbelmann, Michael"]
[Black "Meyer, Oliver"]
[Result "1-0"]
[WhiteElo "1324"]
[BlackElo "1155"]
[PlyCount "74"]
[EventDate "2003.09.27"]
[EventType "team-tourn"]
[EventRounds "11"]
[EventCountry "GER"]
[SourceTitle "EXT 2005"]
[Source "ChessBase"]
[SourceDate "2004.11.15"]
[SourceVersion "1"]
[SourceVersionDate "2004.11.15"]
[SourceQuality "1"]
[WhiteTeam "Westerkappeln II"]
[BlackTeam "Emsdetten Rochade IV"]
[WhiteTeamCountry "GER"]
[BlackTeamCountry "GER"]

1. e4 e5 2. Nf3 Nc6 3. Nc3 Nf6 4. Bc4 h6 5. d3 d6 6. 0-0 Bg4 7. h3 Bh5 8. Re1 Nd4 9. g4 Nxg4 10. hxg4 Bxg4 11. Re3 Nxf3+ 12. Rxf3 Bh5 13. Kg2 Qh4 14. Bxf7+ Bxf7 15. Qh1 Be7 16. Qxh4 Bxh4 17. Be3 a6 18. Nd5 Bxd5 19. exd5 0-0-0 20. Rh1 Bf6 21. Bxh6 gxh6 22. Rxf6 h5 23. Rf3 Rdg8+ 24. Rg3 Rxg3+ 25. fxg3 Kd7 26. g4 h4 27. Kh3 c6 28. dxc6+ bxc6 29. Rf1 d5 30. Rf5 Ke6 31. Rh5 Rxh5 32. gxh5 e4 33. dxe4 dxe4 34. Kxh4 e3 35. Kg3 Kf5 36. Kf3 e2 37. Kxe2 Kg5 1-0

[Event "Steinfurt Bezirksklasse 0304"]
[Site "Germany"]
[Date "2004.01.10"]
[Round "5.7"]
[White "Meyer, Oliver"]
[Black "Altenaehr, Johannes"]
[Result "0-1"]
[WhiteElo "1155"]
[BlackElo "1338"]
[PlyCount "121"]
[EventDate "2003.09.27"]
[EventType "team-tourn"]
[EventRounds "11"]
[EventCountry "GER"]
[SourceTitle "EXT 2005"]
[Source "ChessBase"]
[SourceDate "2004.11.15"]
[SourceVersion "1"]
[SourceVersionDate "2004.11.15"]
[SourceQuality "1"]
[WhiteTeam "Emsdetten Rochade IV"]
[BlackTeam "Rheine CC"]
[WhiteTeamCountry "GER"]
[BlackTeamCountry "GER"]

1. e4 e5 2. Nf3 Nf6 3. Nxe5 d6 4. Nf3 Nxe4 5. d4 Qe7 6. Be3 d5 7. Bd3 Qb4+ 8. Nbd2 Nxd2 9. Bxd2 Qxb2 10. 0-0 Nc6 11. Qe2+ Be7 12. Bb5 Qxc2 13. Rfe1 Be6 14. Rec1 Qe4 15. Qxe4 dxe4 16. Ne5 Bd7 17. Bxc6 Bxc6 18. Nxc6 bxc6 19. Rxc6 Kd7 20. Rac1 Bd6 21. Ba5 Rhc8 22. d5 Rab8 23. Bc3 g6 24. Bf6 Rb5 25. Rd1 Rxd5 26. Rxd5 Kxc6 27. Rd4 Rb8 28. g3 Rb4 29. Rd1 Ra4 30. Rd2 a6 31. Kg2 Kc5 32. Rc2+ Rc4 33. Rb2 Rb4 34. Rc2+ Kd5 35. Rd2+ Ke6 36. Bc3 Ra4 37. Rc2 Rc4 38. Rc1 Be5 39. Bd2 Rxc1 40. Bxc1 c5 41. f3 exf3+ 42. Kxf3 f5 43. Ke2 Kd5 44. Kd3 c4+ 45. Kd2 Ke4 46. Ke2 c3 47. Ba3 a5 48. Bc1 f4 49. gxf4 Bxf4 50. Bxf4 Kxf4 51. Kd3 c2 52. Kxc2 Kg4 53. Kb3 Kh3 54. Ka4 Kxh2 55. Kxa5 g5 56. Kb4 g4 57. a4 g3 58. a5 g2 59. a6 g1Q 60. Kb5 Qa7 61. Ka5 0-1

[Event "Steinfurt Bezirksklasse 0304"]
[Site "Germany"]
[Date "2003.12.06"]
[Round "4.7"]
[White "Roewekamp, Andre"]
[Black "Meyer, Oliver"]
[Result "0-1"]
[WhiteElo "1120"]
[BlackElo "1155"]
[PlyCount "82"]
[EventDate "2003.09.27"]
[EventType "team-tourn"]
[EventRounds "11"]
[EventCountry "GER"]
[SourceTitle "EXT 2005"]
[Source "ChessBase"]
[SourceDate "2004.11.15"]
[SourceVersion "1"]
[SourceVersionDate "2004.11.15"]
[SourceQuality "1"]
[WhiteTeam "Reckenfeld II"]
[BlackTeam "Emsdetten Rochade IV"]
[WhiteTeamCountry "GER"]
[BlackTeamCountry "GER"]

1. e4 e6 2. Nf3 d5 3. exd5 exd5 4. d4 Nf6 5. Be2 h6 6. 0-0 Bf5 7. Re1 Be7 8. Nc3 c6 9. Bd3 Bxd3 10. Qxd3 0-0 11. Qe3 Re8 12. h3 Nbd7 13. Ne2 Bb4 14. Qd3 Bxe1 15. Nxe1 Qe7 16. Be3 c5 17. c3 Qe4 18. Ng3 Qxd3 19. Nxd3 c4 20. Nf4 Nf8 21. Nf5 Ne6 22. Nd6 Re7 23. Nxe6 fxe6 24. Rb1 a6 25. b3 Rd8 26. Bf4 Red7 27. bxc4 Rxd6 28. Bxd6 Rxd6 29. cxd5 Nxd5 30. Rb3 b5 31. Kf1 Rc6 32. a3 Rxc3 33. Rxc3 Nxc3 34. Ke1 Kf7 35. Kd2 Nb1+ 36. Kc2 Nxa3+ 37. Kd3 Kf6 38. f4 Kf5 39. g3 Nc4 40. h4 Kg4 41. Ke4 b4 0-1

[Event "Ruhrgebiet Regionalliga 0304"]
[Site "Ruhrgebiet"]
[Date "2003.10.26"]
[Round "2.6"]
[White "Volesky, Karl Heinz"]
[Black "Meyer, Oliver"]
[Result "0-1"]
[WhiteElo "2058"]
[BlackElo "2071"]
[PlyCount "46"]
[EventDate "2003.10.05"]
[EventType "team-tourn"]
[EventRounds "9"]
[EventCountry "GER"]
[SourceTitle "EXT 2007"]
[Source "ChessBase"]
[SourceDate "2006.11.23"]
[SourceVersion "1"]
[SourceVersionDate "2006.11.23"]
[SourceQuality "1"]
[WhiteTeam "Ahlen"]
[BlackTeam "Erkenschwick"]
[WhiteTeamCountry "GER"]
[BlackTeamCountry "GER"]

1. c4 g6 2. Nc3 Nf6 3. e4 d6 4. g3 Bg7 5. Bg2 c5 6. Nge2 Nc6 7. 0-0 e5 8. d3 0-0 9. f4 Nd4 10. f5 h6 11. Nxd4 cxd4 12. Nd5 Nxd5 13. cxd5 Kh7 14. h4 Bf6 15. Bh3 g5 16. Qh5 Kg7 17. Bd2 Bd7 18. Rf3 Rh8 19. Raf1 Rc8 20. Qg4 h5 21. Qxg5+ Bxg5 22. f6+ Kf8 23. Bxd7 Bxd2 0-1

[Event "Steinfurt Bezirksklasse 0304"]
[Site "Germany"]
[Date "2003.10.11"]
[Round "2.6"]
[White "Meyer, Oliver"]
[Black "Greiling, Thorsten"]
[Result "0-1"]
[WhiteElo "1155"]
[BlackElo "1272"]
[PlyCount "79"]
[EventDate "2003.09.27"]
[EventType "team-tourn"]
[EventRounds "11"]
[EventCountry "GER"]
[SourceTitle "EXT 2005"]
[Source "ChessBase"]
[SourceDate "2004.11.15"]
[SourceVersion "1"]
[SourceVersionDate "2004.11.15"]
[SourceQuality "1"]
[WhiteTeam "Emsdetten Rochade IV"]
[BlackTeam "Saerbeck Falke IV"]
[WhiteTeamCountry "GER"]
[BlackTeamCountry "GER"]

1. e4 e5 2. f4 exf4 3. Nf3 Nc6 4. d4 d5 5. exd5 Qxd5 6. Nc3 Bb4 7. a3 Bxc3+ 8. bxc3 Nf6 9. Bxf4 Qe4+ 10. Qe2 Qxe2+ 11. Bxe2 Ne4 12. d5 Ne7 13. c4 c6 14. Bd3 cxd5 15. cxd5 Nxd5 16. Be5 Nc5 17. Bd6 Nxd3+ 18. cxd3 Bf5 19. Rd1 Rd8 20. Bb4 Nxb4 21. axb4 Rxd3 22. Rxd3 Bxd3 23. Kd2 Bb5 24. Re1+ Kd7 25. Ne5+ Kc7 26. Nxf7 Rf8 27. Rc1+ Kb6 28. Ne5 Rf2+ 29. Ke3 Rxg2 30. Nf7 Rxh2 31. Nd6 Bd7 32. Rc5 a6 33. Nc4+ Ka7 34. Rc7 Rh3+ 35. Kf2 Rc3 36. Rxd7 Rxc4 37. Rxg7 Rxb4 38. Rxh7 a5 39. Ke3 a4 40. Rh2 0-1

[Event "Ruhrgebiet Regionalliga 0304"]
[Site "Ruhrgebiet"]
[Date "2003.10.05"]
[Round "1.5"]
[White "Meyer, Oliver"]
[Black "Lohmeier, Horst"]
[Result "0-1"]
[WhiteElo "2071"]
[BlackElo "2084"]
[PlyCount "72"]
[EventDate "2003.10.05"]
[EventType "team-tourn"]
[EventRounds "9"]
[EventCountry "GER"]
[SourceTitle "EXT 2007"]
[Source "ChessBase"]
[SourceDate "2006.11.23"]
[SourceVersion "1"]
[SourceVersionDate "2006.11.23"]
[SourceQuality "1"]
[WhiteTeam "Erkenschwick"]
[BlackTeam "Herne Sodingen"]
[WhiteTeamCountry "GER"]
[BlackTeamCountry "GER"]

1. c4 Nf6 2. Nc3 g6 3. e4 d6 4. g3 Bg7 5. Bg2 0-0 6. Nge2 c5 7. 0-0 Nc6 8. d3 Rb8 9. h3 a6 10. Be3 b5 11. Qd2 bxc4 12. dxc4 Ne5 13. b3 Bxh3 14. f4 Bxg2 15. fxe5 Nxe4 16. Nxe4 Bxe4 17. Rf4 Bxe5 18. Raf1 Bxf4 19. Rxf4 f5 20. Rh4 Rf7 21. Nf4 Qd7 22. Nh3 e6 23. Ng5 Re7 24. Qh2 Ba8 25. Nh3 e5 26. Ng5 a5 27. Rh6 a4 28. Qh4 Rf8 29. bxa4 f4 30. gxf4 Qb7 31. Qg4 exf4 32. Bd2 Qb1+ 33. Kf2 Qc2 34. Nf3 Bxf3 35. Rxg6+ hxg6 36. Qxg6+ Qxg6 0-1

[Event "Steinfurt Kreisklasse 0203"]
[Site "Germany"]
[Date "2003.03.08"]
[Round "7.5"]
[White "Meyer, Oliver"]
[Black "Roos, Philipp"]
[Result "1/2-1/2"]
[WhiteElo "1204"]
[BlackElo "992"]
[PlyCount "51"]
[EventDate "2002.09.21"]
[EventType "team-tourn"]
[EventRounds "10"]
[EventCountry "GER"]
[SourceTitle "EXT 2005"]
[Source "ChessBase"]
[SourceDate "2004.11.15"]
[SourceVersion "1"]
[SourceVersionDate "2004.11.15"]
[SourceQuality "1"]
[WhiteTeam "Emsdetten Rochade IV"]
[BlackTeam "Saerbeck Falke IV"]
[WhiteTeamCountry "GER"]
[BlackTeamCountry "GER"]

1. e4 e5 2. Nf3 Nc6 3. Bc4 Bc5 4. c3 d6 5. d4 exd4 6. cxd4 Bb4+ 7. Nc3 Nf6 8. Bg5 Qe7 9. 0-0 Bxc3 10. bxc3 0-0 11. Re1 Bg4 12. Qd3 Rfe8 13. e5 Bxf3 14. Qxf3 dxe5 15. Bxf6 Qxf6 16. Qxf6 gxf6 17. dxe5 fxe5 18. Re3 Na5 19. Bd3 Rad8 20. Rae1 Nc6 21. Rh3 h5 22. Be2 Rd2 23. Bc4 Na5 24. Be2 Rxa2 25. Bxh5 Nc4 26. Rg3+ 1/2-1/2

[Event "Steinfurt Kreisklasse 0203"]
[Site "Germany"]
[Date "2003.01.11"]
[Round "5.5"]
[White "Meyer, Oliver"]
[Black "Bartsch, Jan"]
[Result "0-1"]
[WhiteElo "1204"]
[BlackElo "1351"]
[PlyCount "62"]
[EventDate "2002.09.21"]
[EventType "team-tourn"]
[EventRounds "10"]
[EventCountry "GER"]
[SourceTitle "EXT 2005"]
[Source "ChessBase"]
[SourceDate "2004.11.15"]
[SourceVersion "1"]
[SourceVersionDate "2004.11.15"]
[SourceQuality "1"]
[WhiteTeam "Emsdetten Rochade IV"]
[BlackTeam "Saerbeck Falke III"]
[WhiteTeamCountry "GER"]
[BlackTeamCountry "GER"]

1. e4 e5 2. Nf3 Nc6 3. Bc4 Bc5 4. c3 Nf6 5. d4 exd4 6. cxd4 Bb4+ 7. Nc3 Nxe4 8. 0-0 Bxc3 9. bxc3 d5 10. Re1 0-0 11. Bd3 f5 12. Qc2 Qd6 13. Nh4 Qf6 14. Nf3 Bd7 15. Ba3 Rfe8 16. Qb3 Rab8 17. Qxd5+ Be6 18. Qb5 Nxc3 19. Qb2 Nxd4 20. Re3 f4 21. Bxh7+ Kxh7 22. Rxc3 Ne2+ 23. Qxe2 Qxc3 24. Bb2 Qc4 25. Qe5 Re7 26. Qh5+ Kg8 27. Ng5 Bf5 28. Ba3 Qxa2 29. Qd1 Rd7 30. Qc1 Rbd8 31. Qe1 Qxa1 0-1